MDQL
is popping MORE tags! Check the
thread
!
Quizzes
Events
Quiz Creation
Community
Videos
Private Events
Remove Ads
Sign In
Join for FREE
Feedback
Dark Mode
Quiz Categories
Sports
Geography
Music
Movies
Television
Just For Fun
Miscellaneous
History
Literature
Language
Science
Gaming
Entertainment
Religion
Holiday
For Kids
Quiz Lab
Recent
Popular Today
Quiz Kudos Today
Editor Picks
Curator Picks
Quizzes by...
Day
Popularity
Type
Ratings
Length
Year
Community
Subscriptions
Recent Discussions
Orange Saloon
Badges
Playlists
Quests
Create
Leaderboards
Showdown
Live 5
Trivia Bingo
Activity
Puzzle Library
Sporcle Events
Private Events
Virtual Trivia
Globe League
Become a Host
Pub Owners
SporcleCon
Opinionation
Our Games
Videos
Blog
Mobile Apps
Partnerships
Remove Ads and Go Orange
Feedback
Holiday
Halloween
Christmas
Holiday Songs
April Fools'
Thanksgiving
Valentine's Day
Easter
St Patrick's Day
National Holiday
Religious Holiday
Holiday
Halloween
Christmas
Holiday Songs
April Fools'
Thanksgiving
Valentine's Day
Easter
St Patrick's Day
National Holiday
Religious Holiday
Random Quiz
Search Sporcle
×
Editor Pick
Editor Pick
Holiday
Valentine's Day
Type answers that correspond to images
Type answers that correspond to images
Picture Box
Best Score? Go Orange.
Valentine's Day Images Stats
Can you name the things relating to Valentine's Day?
By
bazmerelda
2m
20 Questions
999 Plays
999 Plays
999 Plays
Comments
Comments
Give Quiz Kudos
Give Quiz Kudos
-
- Ratings
hide this ad
Replay
Link that replays current quiz
Next Quiz
Link to next quiz in quiz playlist
You Got
0%
They Got
Avg Score
77%
Avg Friend Score
Upgrade to see
Score Distribution
Jump to the score distribution portion of the page
Score
0/20
Timer
02:00
0
Plays Today
% Correct
Two Dozen Red Roses
97%
Love Hearts
95.4%
Lovers struck by Cupid's Arrow
95%
Kissing and watching the Sunset together
92.1%
Sharing a Bottle of Red Wine
91.8%
A cuddly Teddy Bear for when you're not there
89.4%
Popping the Question
88.1%
Adorn your partner with fancy Jewellery
87.7%
Foot Rubs and Massages
86.9%
Heart shaped Box of Chocolates
86.6%
% Correct
A Handmade Valentine's Card
86.4%
Slow Dancing to love songs
84.5%
Candlelit Dinner for Two
82.7%
Hugs and Cuddles
75.3%
Wearing Provocative Lingerie
62.8%
Heartfelt Poetry
60.8%
A Pair of Lovebirds
57.5%
Maximising Romantic Functionality
56.1%
Saint Valentine
53.4%
A Serenade at their Balcony
22.4%
Quiz Playlist
Details
Report
Send in Message
Add To Playlist
Picture Box:
Type answers that correspond to images
Last Updated: Feb 16, 2017
Editor Pick in
Holiday
Quiz Scoreboard
CHALLENGE
Sign Up to Join the Scoreboard
Show All
Scores
Hide
Comments
May contain spoilers
Recently Published
Find the 'City' Movie
by crazypaving
Movies
60s
5x2 Blitz: Bands
by SL_Kpop136
Music
30s
Colored Red Africa Blitz
by spor1
Geography
30s
More to Explore
Quiz From the Vault
Featured Blog Post
14 Easter Pick-up Lines to Find Eggs With
hide this ad
You Might Also Like...
Tags
Valentine's Day Quiz
Image Quiz
Relating
Today's Top Quizzes in Holiday
Browse Holiday
hide this ad
Today's Top Quizzes in Valentine's Day
Browse Valentine's Day
Top Contributed Quizzes in Holiday
1
Pick the Easter Eggs hidden in the Garden
2
5-to-1: Holiday Songs
3
5-to-1: Thanksgiving
4
Christmas Pick: Easter
5
Holidays Spelling Bee
6
April Fools' Zebra Puzzle
7
Easter Teddy Bears
8
A Christmas Story Kids Picture Click
9
Easter - Did You Know?
10
Christmas Pick: April Fools'
Explore More
Trending Topics
Marvel
Kpop
Anime
Harry Potter
NBA
Crossword
Disney
Pokémon
WWE
Puzzle
The Office
NFL
Country
Song
Soccer
hide this ad
More By:
bazmerelda
Quiz
Plays
Rating
Category
Featured
Created
Super Science Bunker
756,893
3.91
Science
Jun 7, 2014
Super Science Bunker II
474,820
4.28
Science
Jun 1, 2014
Official UK Cities on a Map
462,560
4.65
Geography
Feb 6, 2014
Every 2 Letter Word Minefield
406,025
3.74
Language
Jul 31, 2011
MLB Logos
394,486
4.38
Sports
Jul 4, 2014
Go to Creator's Profile
Score Distribution
Quiz Creator Spotlight
bazmerelda
Follow
Send a Message
Quizzes Created
-
Created Quiz Play Count
-
More By This Creator
Popular Quizzes Today
1
Colored Red Africa Blitz
2
Find the 'City' Movie
3
Find the US States - No Outlines Minefield
4
5x2 Blitz: Bands
5
The Countries of the World
6
Find the US States
7
US States
8
9x9 Crossword: Cartoon Network
More Holiday Quizzes
Christmas Anagrams
Quiz Lab
Trending Quizzes
Colored Red Europe Blitz I
Colored Red Europe Blitz II
Colored Red Africa Blitz II
Colored Red Europe Blitz III
Colored Red Africa Blitz III
Recently Updated
How Do You Spell That?
pecheneg
Godzilla Movies
pecheneg
Grab Bag: 4-10 Letters
pecheneg
2024 March Madness Bracket
pecheneg
Famous TV Couples
Peacemaker
Champions League XIs: Real Madrid
pecheneg
Largest US Cities 1790-2010
pecheneg
Rides in Walt Disney World
pecheneg
Most Oscar Losses (Acting)
pecheneg
Beyoncé Albums
pecheneg
Trending Topics
NBA
Harry Potter
Disney
Kpop
Anime
Crossword
Marvel
NFL
Soccer
The Office
WWE
Country
Pokémon
Song
Puzzle
Your Account Isn't Verified!
In order to create a playlist on Sporcle, you need to verify the email address you used during registration. Go to your
Sporcle Settings
to finish the process.
Report this User
Report this user for behavior that violates our
Community Guidelines
.
Details:
Send Report
Go to the Sporcle.com Mobile Site →
Comments